02623nam a2200301 i 4500001001300000003000900013005001700022008004100039020002900080040002800109041001300137082003400150100003600184240005600220245005700276264001200333264003500345300002000380490002300400500006800423504003100491520143400522630004901956630006602005655008602071765014002157830002402297000000449982IT-MiSPE20250222185336.0211125s2021 it 000 0 ita d a9788839911391c30.00 EUR aIT-MiSPEbitacIT-MiSPE aitahfre a222.13-Lv* VOG wa (ppv 23344)1 aVogels, Walter,d1932-eautore.10aCélébration et sainteté: le Lévitique.lfre10aLevitico: celebrazione e santità /cWalter Vogels. 4c©2021. 1aBrescia :bQueriniana,c[2021] a235 p. ;c23 cm1 aCommentari biblici aTitolo originale: Célébration et sainteté: le Lévitique aBibliografia: pagina [231] aIl libro del Levitico è dedicato al culto comunitario di Israele. Perché, prima ancora di essere un’etica, la religione è una celebrazione. Si tratta di un libro misterioso, poco letto, a prima vista difficile, in cui Mosè dopo aver appreso le leggi di Dio codifica nei minimi dettagli riti, sacrifici, parole e gesti di supplica o di offerta. Più che un semplice repertorio di norme da osservare (che sembrano elencate apposta per sconcertare e urtare il lettore del XXI secolo, più che edificarlo), il Levitico offre tuttavia una profonda riflessione teologica sulla liturgia. La manifestazione ieratica del divino davanti al popolo di Dio riunito in assemblea è brillantemente analizzata in questo commentario di Vogels. L’esegeta guida il lettore attraverso le sottigliezze di un libro che è parte indivisibile dalla Torah – anzi, il suo libro centrale, quello in cui troviamo l’affermazione: «Ama il prossimo tuo come te stesso» (Lv 19,18). Dietro tutte le complessità, le precauzioni, gli avvertimenti, che sono deliberatamente presentati in maniera ridondante al fine di raddoppiarne la solennità, nel Levitico viene annunciata la rivelazione che divamperà nel vangelo: Dio si lascia avvicinare dall’uomo, fino a farsi toccare. Una rilettura potente di alcune pagine fondamentali dell’Antico Testamento, pagine nelle quali Dio incontra coloro che egli ha scelto e che l’hanno scelto.04aBiblia.pV.T.pLeviticusxCommenti italiano.04aBiblia.pV.T.pLeviticusxCritica e interpretazione italiano. 7aSacra Scrittura. Studi sul Vecchio TestamentoxPentateuco - Libri storici.2local0 aVogels, Walter 1932-tCélébration et sainteté: le Lévitique.dParis : Cerf, ©2015.kLectio divinaz978-2-204-10349-7w()416693 0aCommentari biblici.